000 00532nam a2200193Ia 4500
008 131103s9999 xx 000 0 und d
040 _aLoreto College
041 _aEnglish
082 _aREF
_bLCBED/7313
245 _aHistory
_b man's march through time
_cedited by C.M.MacINNES
260 _aLondon
_bThe Grolier Society
_c[19?]
300 _a256p.
_b pic.
_c 25cm.
440 _aOur World In Colour
504 _aIncludes index
650 _aHistory
700 _aMacINNES, C.M.;ed.
850 _aLCBED/REF
942 _cBK
999 _c31183
_d81662